00360 2200145 4500245006400000250001100064100003200075650001700107650001600124005001900140260001800159041001400177084001400191336000900205 aCatatan Perjalanan HidupcYosya Hurul Ain NurdiansyahhText aCet. 1 aYosya Hurul Ain Nurdiansyah aAutobiografi aKarya Siswa a20250521135015 aJakartac2025 aIndonesia a081 YOS c atext